[Event "BLR-ch sf"]
[Site "Minsk"]
[Date "2023.12.15"]
[Round "9"]
[White "Khamitsevich, Pavel"]
[Black "Shydlouski, Artsiom"]
[Result "0-1"]
[WhiteElo "1529"]
[BlackElo "1638"]
[PlyCount "116"]
[EventDate "2023.12.07"]
[EventType "swiss"]
[EventRounds "9"]
[EventCountry "BLR"]
[SourceTitle "CB51_2023"]
[SourceDate "2023.12.20"]
[SourceVersion "1"]
[SourceVersionDate "2023.12.20"]
[SourceQuality "1"]

1. c4 f5 2. g3 Nf6 3. Bg2 g6 4. e3 Bg7 5. Ne2 0-0 6. 0-0 e5 7. d3 Nc6 8. b3 d6 9. Bb2 h6 10. Nbc3 g5 11. Nd5 Ne7 12. Nxf6+ Bxf6 13. f4 Ng6 14. Qd2 c6 15. Rad1 Bd7 16. e4 exf4 17. exf5 Bxf5 18. Bxf6 Qxf6 19. gxf4 Bg4 20. fxg5 Qxg5 21. Qxg5 hxg5 22. Rxf8+ Rxf8 23. Rd2 Bxe2 24. Rxe2 Nf4 25. Re7 Rf7 26. Re8+ Kg7 27. Rd8 Nxd3 28. Rxd6 Nf4 29. Bf3 Kf8 30. Kf2 Ke7 31. Rd2 Kf6 32. b4 Kf5 33. c5 g4 34. Bd1 Kg5 35. Kg3 Nh5+ 36. Kg2 Re7 37. Rd4 Nf4+ 38. Kf2 Rh7 39. Kg1 Rf7 40. a4 Kh4 41. Rd2 Rf5 42. Bc2 Re5 43. Kf2 Kh3 44. Bd1 Rd5 45. Ke3 Rxd2 46. Kxd2 Nd5 47. b5 Nf6 48. Ke3 Kxh2 49. bxc6 bxc6 50. Kf4 g3 51. Bf3 Nd7 52. Bxc6 Nxc5 53. a5 Nb3 54. Ke5 Nxa5 55. Bf3 g2 56. Bxg2 Kxg2 57. Kd6 Nb7+ 58. Kc6 a5 0-1

[Event "BLR-ch sf"]
[Site "Minsk"]
[Date "2023.12.12"]
[Round "6"]
[White "Shydlouski, Artsiom"]
[Black "Yahont, Ignatiy"]
[Result "0-1"]
[WhiteElo "1638"]
[BlackElo "1800"]
[PlyCount "108"]
[EventDate "2023.12.07"]
[EventType "swiss"]
[EventRounds "9"]
[EventCountry "BLR"]
[SourceTitle "CB51_2023"]
[SourceDate "2023.12.20"]
[SourceVersion "1"]
[SourceVersionDate "2023.12.20"]
[SourceQuality "1"]

1. d4 Nf6 2. Nf3 e6 3. c4 b6 4. Qc2 Bb7 5. Nc3 Bb4 6. Bd2 0-0 7. e3 c5 8. Bd3 cxd4 9. exd4 Bxf3 10. gxf3 Nc6 11. Be3 d5 12. cxd5 Qxd5 13. 0-0-0 Bxc3 14. bxc3 Nb4 15. Qb1 Nxd3+ 16. Rxd3 Rfc8 17. Rg1 Qa5 18. Qb3 Nd5 19. Kb2 b5 20. Rg5 Qc7 21. h3 a5 22. Rxd5 exd5 23. Qxd5 b4 24. c4 Rd8 25. Qe4 Qxc4 26. d5 Rac8 27. Qxc4 Rxc4 28. Bb6 Rd7 29. Bxa5 Rc5 30. Bxb4 Rcxd5 31. Rxd5 Rxd5 32. a4 f6 33. a5 Kf7 34. Kb3 Ke6 35. a6 Rd8 36. Bc5 Kd5 37. Be3 Kc6 38. Kc4 Rd1 39. a7 Kb7 40. Kc3 Rh1 41. Kd3 Rxh3 42. Ke4 Rh5 43. f4 Ra5 44. f5 Kc6 45. f4 Ra4+ 46. Bd4 Kd6 47. Kf3 Kd5 48. Bb6 Ra3+ 49. Kg4 Kc6 50. Be3 Kb7 51. Kf3 Rxe3+ 52. Kxe3 Kxa7 53. Ke4 Kb6 54. Kd5 h5 0-1

[Event "BLR-ch sf"]
[Site "Minsk"]
[Date "2023.12.10"]
[Round "4"]
[White "Shydlouski, Artsiom"]
[Black "Bulgak, Damir"]
[Result "0-1"]
[WhiteElo "1638"]
[BlackElo "1818"]
[PlyCount "58"]
[EventDate "2023.12.07"]
[EventType "swiss"]
[EventRounds "9"]
[EventCountry "BLR"]
[SourceTitle "CB51_2023"]
[SourceDate "2023.12.20"]
[SourceVersion "1"]
[SourceVersionDate "2023.12.20"]
[SourceQuality "1"]

1. d4 Nf6 2. c4 e6 3. Nf3 b6 4. Nc3 Bb7 5. Bg5 Bb4 6. e3 h6 7. Bxf6 Qxf6 8. Be2 0-0 9. 0-0 c5 10. Qc2 cxd4 11. Nxd4 Nc6 12. Rfd1 Nxd4 13. Rxd4 Bc6 14. a3 Bc5 15. Rf4 Qe5 16. b4 Bd6 17. g3 Be7 18. Rd4 d6 19. Rad1 f5 20. Qd2 Rad8 21. f4 Qf6 22. Bf1 Qf7 23. Bg2 Rc8 24. Bxc6 Rxc6 25. Nb5 Bf6 26. Nxd6 Qh5 27. Rd3 Rd8 28. Qg2 Rcxd6 29. g4 Rxd3 0-1

[Event "BLR-ch sf"]
[Site "Minsk"]
[Date "2023.12.07"]
[Round "1"]
[White "Yarotski, Aliaksei"]
[Black "Shydlouski, Artsiom"]
[Result "0-1"]
[WhiteElo "1250"]
[BlackElo "1638"]
[PlyCount "70"]
[EventDate "2023.12.07"]
[EventType "swiss"]
[EventRounds "9"]
[EventCountry "BLR"]
[SourceTitle "CB51_2023"]
[SourceDate "2023.12.20"]
[SourceVersion "1"]
[SourceVersionDate "2023.12.20"]
[SourceQuality "1"]

1. d4 f5 2. c4 Nf6 3. Nf3 g6 4. Nc3 Bg7 5. Bf4 0-0 6. h3 d6 7. e3 Nh5 8. Bh2 c6 9. Be2 Qa5 10. 0-0 e5 11. a3 f4 12. Qb3 exd4 13. exd4 Qd8 14. Rad1 Nd7 15. Ne4 Ndf6 16. c5+ d5 17. Nd6 Ne8 18. Nxb7 Qe7 19. Na5 Qxe2 20. Nxc6 Qe6 21. Nb4 Nc7 22. Rfe1 Qf7 23. Qa4 a5 24. Nc6 Bd7 25. Rb1 Rfe8 26. Rxe8+ Rxe8 27. b4 Qf5 28. Ra1 Qd3 29. Qxa5 Bxc6 30. Qxc7 Bb5 31. Bxf4 Bxd4 32. Ra2 Qb1+ 33. Kh2 Qxa2 34. Nxd4 Qxf2 35. Nxb5 Nxf4 0-1

[Event "BLR-ch U18"]
[Site "Orsha"]
[Date "2022.02.10"]
[Round "1"]
[White "Galkin, Gleb"]
[Black "Shydlouski, Artsiom"]
[Result "1-0"]
[WhiteElo "2303"]
[BlackElo "1613"]
[PlyCount "55"]
[EventDate "2022.02.10"]
[EventType "swiss"]
[EventRounds "9"]
[EventCountry "BLR"]
[SourceTitle "CBM 207 Extra"]
[Source "ChessBase"]
[SourceDate "2022.05.31"]
[SourceVersion "1"]
[SourceVersionDate "2022.05.31"]
[SourceQuality "1"]

1. d4 f5 2. c4 Nf6 3. Nc3 g6 4. g3 Bg7 5. Bg2 0-0 6. Nh3 d6 7. d5 c6 8. 0-0 e5 9. dxe6 Bxe6 10. Qb3 Qc7 11. Ng5 Bf7 12. Bf4 Na6 13. Nxf7 Rxf7 14. Qa3 Ne8 15. b4 h6 16. h4 Qe7 17. b5 Nb8 18. bxc6 bxc6 19. c5 dxc5 20. Rab1 Be5 21. Bxh6 f4 22. gxf4 Bxf4 23. Bxf4 Rxf4 24. Nd5 cxd5 25. Bxd5+ Kg7 26. Bxa8 Rxh4 27. Rxb8 Qg5+ 28. Bg2 1-0

[Event "Minsk ODM Team Cup U16"]
[Site "Minsk"]
[Date "2021.??.??"]
[Round "3.2"]
[White "Shydlouski, Artsiom"]
[Black "Siniauski, Artsiom"]
[Result "0-1"]
[WhiteElo "1684"]
[BlackElo "2277"]
[PlyCount "116"]
[EventDate "2021.03.01"]
[EventType "team-tourn"]
[EventRounds "7"]
[EventCountry "BLR"]
[SourceTitle "EXT 2022"]
[Source "ChessBase"]
[SourceDate "2021.10.06"]
[SourceVersion "1"]
[SourceVersionDate "2021.10.06"]
[SourceQuality "1"]
[WhiteTeam "Minsk Region"]
[BlackTeam "Minsk"]
[WhiteTeamCountry "BLR"]
[BlackTeamCountry "BLR"]

1. d4 Nf6 2. Nf3 b6 3. c4 e6 4. Nc3 Bb4 5. Qc2 Bb7 6. Bd2 0-0 7. e3 d6 8. a3 Bxc3 9. Bxc3 Ne4 10. Be2 Nd7 11. 0-0 f5 12. Nd2 Qg5 13. f4 Qg6 14. Bf3 Ndf6 15. d5 Nxc3 16. Qxc3 exd5 17. cxd5 Nxd5 18. Qc4 Qf7 19. Rfe1 Rab8 20. g3 Nf6 21. Rac1 c5 22. Qxf7+ Kxf7 23. Bxb7 Rxb7 24. Nc4 Ke6 25. g4 Nxg4 26. e4 b5 27. Na5 Rbb8 28. h3 Nf6 29. exf5+ Kd7 30. Re2 Rbe8 31. Rg2 Re7 32. Rd1 Rfe8 33. Kf1 Kc7 34. Nb3 Ne4 35. Nd2 Rf7 36. Nf3 Kc6 37. Nh4 Ree7 38. Kg1 d5 39. b4 Nc3 40. Rdd2 Re3 41. bxc5 Rxh3 42. Rg4 Ne4 43. Re2 Rg3+ 44. Rxg3 Nxg3 45. Re5 Kxc5 46. Kf2 Ne4+ 47. Ke3 a5 48. Nf3 Nd6 49. Nd4 Nc4+ 50. Kd3 Nxe5+ 51. fxe5 b4 52. a4 h5 53. e6 Re7 54. Nb3+ Kd6 55. Nxa5 Ra7 56. Nb3 Rxa4 57. Kd4 h4 58. Nc5 h3 0-1

[Event "Minsk ODM Team Cup U16"]
[Site "Minsk"]
[Date "2021.??.??"]
[Round "2.2"]
[White "Spizharny, Mikhail"]
[Black "Shydlouski, Artsiom"]
[Result "1-0"]
[WhiteElo "2153"]
[BlackElo "1684"]
[PlyCount "37"]
[EventDate "2021.03.01"]
[EventType "team-tourn"]
[EventRounds "7"]
[EventCountry "BLR"]
[SourceTitle "EXT 2022"]
[Source "ChessBase"]
[SourceDate "2021.10.06"]
[SourceVersion "1"]
[SourceVersionDate "2021.10.06"]
[SourceQuality "1"]
[WhiteTeam "Vitebsk Region"]
[BlackTeam "Minsk Region"]
[WhiteTeamCountry "BLR"]
[BlackTeamCountry "BLR"]

1. e4 c6 2. d4 d5 3. Nc3 dxe4 4. Nxe4 Nf6 5. Nxf6+ exf6 6. c3 Bd6 7. Bd3 Be6 8. Ne2 Qc7 9. h3 Nd7 10. 0-0 0-0-0 11. c4 Rhe8 12. Qc2 Nf8 13. c5 Be7 14. Bf4 Qd7 15. Qa4 Bxc5 16. dxc5 Qxd3 17. Qxa7 Bd5 18. Qb8+ Kd7 19. Qd6+ 1-0